000 00893nam a22001457a 4500
008 110620t xxu||||| |||| 00| 0 eng d
010 _aCACAF63
245 _aCourt of Appeal Civil Appeal No. 04 OF 2003 Perusi Bukirwa Vs Nakibirango Janet Kiggundu
260 _c2003
500 _aCoram: Hon. Lady Justice L.E.M. Mukasa-Kikonyogo, DCJ Hon. Lady Justice C.N.B. Kitumba, JA Hon. Lady Justice C.K. Byamugisha, JA
500 _aAppeal from the judgement and decree of the High Court of Uganda at Kampala Tinyinondi, J dated 18th February '02 in HCCS No. 1046/96
999 _c3332
_d3332